00974nam a2200205 a 450000100100000000500170001000800410002702000180006804000250008611000320011124000170014324501570016026000450031730000200036250000420038295201110042495201050053595201110064099900170075100003860020201002031316.0130416s2012 dr 000 0 spa d a9789993444916 aDO-SdBNPbspacBNPHU1 aRepública Dominicana944710a[leyes,etc.]10aNuevo reglamento de compras y contrataciones de bienes, servicios y conseciones Dic. 543-12 :bMod. por la ley 449-06 adaptado para estudio comparativo. aSanto Domingo :bEdiciones Dalis,c2012. a44 p. ;c22 cm. aIncluye notas al pie de las páginas 0010718DSaGRbGRcCTd2013-04-16iLF1l0o p38600-30r2020-06-25te. 3w2020-06-25yLFDSZNo se presta 0010718PDaPDbPDcCTd2013-04-16iLF1l0o p38600-10r2020-06-25w2020-06-25yLFPDZNo se presta 0010718PDaPDbPDcCTd2013-04-16iLF1l0o p38600-20r2020-06-25te. 2w2020-06-25yLFPDZNo se presta c38090d38090